Catálogo
 En Linea

Informe : (Registro nro. 26299)

Detalles MARC
000 -CABECERA
campo de control de longitud fija 00602nam a2200157 a 4500
001 - NÚMERO DE CONTROL
campo de control 000026807
005 - FECHA Y HORA DE LA ÚLTIMA TRANSACCIÓN
campo de control 20200930030425.0
008 - DATOS DE LONGITUD FIJA--INFORMACIÓN GENERAL
campo de control de longitud fija 110325s1927 dr 000 0 spa d
040 ## - FUENTE DE LA CATALOGACIÓN
Centro catalogador/agencia de origen DO-SdBNP
Lengua de catalogación spa
Centro/agencia transcriptor BNPHU
082 ## - NÚMERO DE LA CLASIFICACIÓN DECIMAL DEWEY
Número de clasificación xxx
Número de documento/Ítem M917i
049 ## - FONDOS LOCALES (OCLC)
Fondos de biblioteca BNPD
100 1# - ENTRADA PRINCIPAL--NOMBRE DE PERSONA
Nombre de persona Mota, Fabio A.
9 (RLIN) 23572
245 10 - MENCIÓN DE TÍTULO
Título Informe :
Resto del título que de sus gestiones como rector de la universidad durante el año 1924-1925 presentó el Dr. Octavio del Pozo a la secretaría de Estado de Justicia e instrucción pública /
Mención de responsabilidad, etc. Fabio A. Mota.
260 ## - PUBLICACIÓN, DISTRIBUCIÓN, ETC.
Lugar de publicación, distribución, etc. Santo Domingo1927. :
Nombre del editor, distribuidor, etc. Tipigrafía del Carmen,
Fecha de publicación, distribución, etc. 1927.
300 ## - DESCRIPCIÓN FÍSICA
Extensión 65 p. ;
Dimensiones 26 cm.
Existencias
Estado de retiro Estado de pérdida Restricciones de uso No para préstamo Código de colección Localización permanente Ubicación/localización actual Ubicación en estantería Fecha de adquisición Número de inventario Total de préstamos Signatura topográfica completa Código de barras Fecha visto por última vez Precio válido a partir de Tipo de ítem Koha Nota pública Número de copia
      Excluido de préstamo Raros y valiosos Patrimonio Dominicano Patrimonio Dominicano Depósito 25.03.2011 LF1   xxx M917i 26807-10 25.06.2020 25.06.2020 No se presta Perteneció a la biblioteca personal de Julio Ortega Frier.  
      Excluido de préstamo Raros y valiosos Patrimonio Dominicano Patrimonio Dominicano En catalogación 08.08.2011 LF1   xxx M917i 26807-20 25.06.2020 25.06.2020 No se presta   e. 2

Con tecnología Koha